000 00907cam a22002654a 4500
001 12232896
005 20180213034425.0
008 001116s2001 maua 001 0 eng c
010 _a 00066773
020 _a0632045744 (pbk.)
035 _a(DNLM)100971433
040 _aDNLM/DLC
_cDLC
_dDLC
041 _aeng
042 _apcc
060 1 0 _aQW 518.2
_bA973i 2001
080 _a616.079076 AYA
082 0 0 _a616.079076 AYA
_221
100 1 _a7
101 _aDER
245 1 0 _aImmunology for the boards and wards /
_cCarlos Ayala, Brad Spellberg.
906 _a7
_bcbc
_corignew
_d1
_eocip
_f20
_gy-gencatlg
942 _2ddc
_cBK
999 _c42342
_d42342